[Event "Stare Mesto op"]
[Site "Stare Mesto"]
[Date "2023.08.09"]
[Round "5"]
[White "Shatil, Shir"]
[Black "Blumel, Otto"]
[Result "1-0"]
[WhiteElo "2182"]
[BlackElo "1879"]
[PlyCount "58"]
[EventDate "2023.08.05"]
[EventType "swiss"]
[EventRounds "9"]
[EventCountry "CZE"]
[SourceTitle "EXT 2024"]
[Source "ChessBase"]
[SourceDate "2023.10.10"]
[SourceVersion "1"]
[SourceVersionDate "2023.10.10"]
[SourceQuality "1"]

1. d4 d5 2. c4 e6 3. Nc3 c6 4. e3 f5 5. g4 fxg4 6. Qxg4 Nf6 7. Qg2 Bd6 8. Bd3 Qe7 9. Nge2 dxc4 10. Bxc4 e5 11. Bd2 Bg4 12. f3 Bf5 13. 0-0-0 b5 14. Bb3 a5 15. e4 a4 16. Bc2 Be6 17. f4 Ba3 18. d5 b4 19. dxe6 b3 20. axb3 axb3 21. Bxb3 Na6 22. Na4 Qb7 23. Kc2 Rb8 24. Nc1 c5 25. bxa3 c4 26. fxe5 cxb3+ 27. Kb2 Nxe4 28. Rhg1 0-0 29. e7 Rf7 1-0

[Event "Ceske Budejovice op-A"]
[Site "Ceske Budejovice"]
[Date "2023.07.08"]
[Round "8"]
[White "Blumel, Otto"]
[Black "Muzika, Paul"]
[Result "0-1"]
[WhiteElo "1900"]
[BlackElo "2121"]
[PlyCount "114"]
[EventDate "2023.07.01"]
[EventType "swiss"]
[EventRounds "9"]
[EventCountry "CZE"]
[SourceTitle "CBM 215 Extra"]
[Source "ChessBase"]
[SourceDate "2023.09.30"]
[SourceVersion "1"]
[SourceVersionDate "2023.09.30"]
[SourceQuality "1"]

1. d4 d5 2. Nc3 Nf6 3. Bg5 Nbd7 4. Qd3 h6 5. Bh4 c6 6. e4 dxe4 7. Nxe4 Nxe4 8. Qxe4 Qa5+ 9. c3 Nf6 10. Bxf6 gxf6 11. Bc4 Bf5 12. Qf3 h5 13. Ne2 Bg4 14. Qd3 e6 15. h3 Bf5 16. Qf3 Be7 17. a4 0-0-0 18. b4 Qc7 19. Ng3 Bg6 20. Ne4 Bxe4 21. Qxe4 f5 22. Qf3 Rdg8 23. 0-0 Rg5 24. Rfe1 Rhg8 25. Bf1 Qd6 26. Qe3 Qd5 27. f3 Rg3 28. Kh1 Bg5 29. Qe5 Bd2 30. Qxd5 exd5 31. Re7 Bxc3 32. Rc1 Bxd4 33. Rxf7 f4 34. Rd1 Be3 35. Rh7 R3g5 36. Re7 R8g7 37. Re6 Kd7 38. Rh6 Kc7 39. Rb1 Bf2 40. Rb2 Bg3 41. Re2 a6 42. Re8 h4 43. Rhe6 R5g6 44. Re5 Rd7 45. Bd3 Rgg7 46. Bf5 Rd8 47. R8e6 Kb6 48. Bd3 a5 49. b5 Kc5 50. Kg1 Rd6 51. Re8 Kd4 52. Be2 c5 53. Kf1 c4 54. Bd1 Kc3 55. Rc8 Rdd7 56. b6 Kd4 57. Re2 Rge7 0-1

[Event "Ricany op 20th"]
[Site "Ricany"]
[Date "2022.08.30"]
[Round "5"]
[White "Pressler, Tobias"]
[Black "Blumel, Otto"]
[Result "0-1"]
[WhiteElo "1821"]
[BlackElo "1907"]
[PlyCount "50"]
[EventDate "2022.08.27"]
[EventType "swiss"]
[EventRounds "9"]
[EventCountry "CZE"]
[SourceTitle "CBM 210 Extra"]
[Source "ChessBase"]
[SourceDate "2022.11.30"]
[SourceVersion "1"]
[SourceVersionDate "2022.11.30"]
[SourceQuality "1"]

1. e4 c5 2. Nf3 Nc6 3. d4 cxd4 4. Nxd4 e5 5. Nb3 Nf6 6. Nc3 Bb4 7. Bg5 h6 8. Bxf6 Qxf6 9. Qd2 Qg6 10. f3 0-0 11. a3 Be7 12. Nd5 Bg5 13. Qf2 f5 14. Bc4 Kh8 15. exf5 Qxf5 16. 0-0 d6 17. h4 Bd8 18. Ne3 Qh5 19. g3 Bh3 20. g4 Qxh4 21. Nf5 Qg5 22. Rfd1 Rxf5 23. Qe2 Bb6+ 24. Kh1 Bxg4 25. fxg4 Rf2 0-1

[Event "Ricany op 20th"]
[Site "Ricany"]
[Date "2022.08.28"]
[Round "2"]
[White "Blumel, Otto"]
[Black "Sedy, Pavel"]
[Result "1/2-1/2"]
[WhiteElo "1907"]
[BlackElo "2177"]
[PlyCount "101"]
[EventDate "2022.08.27"]
[EventType "swiss"]
[EventRounds "9"]
[EventCountry "CZE"]
[SourceTitle "CBM 210 Extra"]
[Source "ChessBase"]
[SourceDate "2022.11.30"]
[SourceVersion "1"]
[SourceVersionDate "2022.11.30"]
[SourceQuality "1"]

1. d4 e6 2. e4 d5 3. Nc3 Nf6 4. Bg5 Be7 5. exd5 exd5 6. Bd3 Nc6 7. Nge2 Nb4 8. Bb5+ c6 9. Ba4 0-0 10. a3 Na6 11. 0-0 Nc7 12. Ng3 Ne6 13. Be3 Ne8 14. Nf5 Bf6 15. Ne2 Nd6 16. Nxd6 Qxd6 17. c3 b6 18. Bc2 Ba6 19. Re1 Rfe8 20. Ng3 g6 21. Bh6 Ng7 22. Qf3 Re6 23. Rxe6 Qxe6 24. h3 Re8 25. Kh2 Bd8 26. a4 Qd6 27. Kg1 Bc7 28. Bxg7 Kxg7 29. b4 h5 30. Bd3 Bxd3 31. Qxd3 h4 32. Nf1 Re6 33. Qf3 Qf4 34. Qd3 g5 35. g3 hxg3 36. Nxg3 Kf8 37. Qh7 Qf6 38. Rf1 Ke7 39. Qd3 Kd7 40. Nf5 Re4 41. Ng3 Rh4 42. Kg2 g4 43. hxg4 Rxg4 44. Re1 Rf4 45. Qe3 Kc8 46. b5 cxb5 47. axb5 Qg6 48. Qe8+ Kb7 49. Re7 Rxf2+ 50. Kxf2 Qxg3+ 51. Kf1 1/2-1/2

[Event "Ceske Budejovice op-A"]
[Site "Ceske Budejovice"]
[Date "2022.07.09"]
[Round "9"]
[White "Blumel, Otto"]
[Black "Matras, Ondrej"]
[Result "1/2-1/2"]
[WhiteElo "1855"]
[BlackElo "2229"]
[PlyCount "77"]
[EventDate "2022.07.01"]
[EventType "swiss"]
[EventRounds "9"]
[EventCountry "CZE"]
[SourceTitle "CBM 209 Extra"]
[Source "ChessBase"]
[SourceDate "2022.09.30"]
[SourceVersion "1"]
[SourceVersionDate "2022.09.30"]
[SourceQuality "1"]

1. d4 Nf6 2. Nc3 d5 3. Bg5 Ne4 4. Nxe4 dxe4 5. Qd2 Qd5 6. Bf4 c5 7. dxc5 Qxc5 8. Be3 Qc7 9. f3 Bf5 10. g4 Bd7 11. fxe4 Nc6 12. 0-0-0 0-0-0 13. Qc3 e5 14. g5 Bb4 15. Qc4 Be6 16. Rxd8+ Rxd8 17. Bh3 Bxh3 18. Nxh3 Qd7 19. Nf2 Bd2+ 20. Bxd2 Qxd2+ 21. Kb1 Qxg5 22. Nd3 Qg2 23. Rc1 Qxe2 24. Qxf7 Qxe4 25. Nc5 Qb4 26. Qe6+ Kc7 27. Qf7+ Kb8 28. Ne6 Rc8 29. Qxg7 Qd6 30. Qf7 Nb4 31. Qf5 Qd5 32. c4 Qd3+ 33. Qxd3 Nxd3 34. Rc3 Nf2 35. b3 Re8 36. Rf3 Rxe6 37. Rxf2 Re7 38. Kc2 Kc7 39. Kd3 1/2-1/2

[Event "Ricany op-A"]
[Site "Ricany"]
[Date "2018.08.25"]
[Round "1"]
[White "Blumel, Otto"]
[Black "Jirousek, Tadeas"]
[Result "1-0"]
[WhiteElo "2019"]
[BlackElo "1737"]
[PlyCount "55"]
[EventDate "2018.08.25"]
[EventType "swiss"]
[EventRounds "9"]
[EventCountry "CZE"]
[SourceTitle "EXT 2019"]
[Source "ChessBase"]
[SourceDate "2018.10.10"]
[SourceVersion "1"]
[SourceVersionDate "2018.10.10"]
[SourceQuality "1"]

1. d4 e6 2. e4 d5 3. e5 c5 4. Nc3 Nc6 5. Nf3 Bd7 6. Bd3 cxd4 7. Nb5 Qb6 8. c3 Nxe5 9. Nbxd4 Nxf3+ 10. Qxf3 Nf6 11. 0-0 Be7 12. Re1 0-0 13. Nf5 Rfe8 14. Nxe7+ Rxe7 15. Bf4 Bb5 16. Bxb5 Qxb5 17. Bg5 Qxb2 18. Bxf6 gxf6 19. Qxf6 Rc7 20. Qg5+ Kf8 21. Qh6+ Ke8 22. Qxh7 Rac8 23. Qg8+ Ke7 24. Qg5+ Kf8 25. Qh6+ Ke8 26. Qh5 Rxc3 27. Rxe6+ Kf8 28. Qh8# 1-0

[Event "Ricany op-A"]
[Site "Ricany"]
[Date "2017.09.01"]
[Round "8"]
[White "Blumel, Otto"]
[Black "Vavrinec, Tomas"]
[Result "1/2-1/2"]
[WhiteElo "2002"]
[BlackElo "1960"]
[PlyCount "38"]
[EventDate "2017.08.26"]
[EventType "swiss"]
[EventRounds "9"]
[EventCountry "CZE"]
[SourceTitle "CBM 180 Extra"]
[Source "ChessBase"]
[SourceDate "2017.10.06"]
[SourceVersion "1"]
[SourceVersionDate "2017.10.06"]
[SourceQuality "1"]

1. e4 e6 2. d4 d5 3. f3 Nf6 4. Bg5 h6 5. Bh4 Be7 6. e5 Nfd7 7. Bxe7 Qxe7 8. Qd2 c5 9. f4 cxd4 10. Nf3 Nc5 11. Bb5+ Bd7 12. Na3 Bxb5 13. Nxb5 Ne4 14. Qxd4 Nc6 15. Qa4 0-0 16. c3 f6 17. 0-0 fxe5 18. fxe5 Rf5 19. Nbd4 Nxd4 1/2-1/2

[Event "Ricany op-A"]
[Site "Ricany"]
[Date "2017.08.31"]
[Round "7"]
[White "Mladek, Richard"]
[Black "Blumel, Otto"]
[Result "1/2-1/2"]
[WhiteElo "2160"]
[BlackElo "2002"]
[PlyCount "196"]
[EventDate "2017.08.26"]
[EventType "swiss"]
[EventRounds "9"]
[EventCountry "CZE"]
[SourceTitle "CBM 180 Extra"]
[Source "ChessBase"]
[SourceDate "2017.10.06"]
[SourceVersion "1"]
[SourceVersionDate "2017.10.06"]
[SourceQuality "1"]

1. e4 e5 2. f4 exf4 3. Nf3 Ne7 4. d4 Ng6 5. c4 Be7 6. Be2 Bh4+ 7. Kf1 d6 8. Nc3 c6 9. Bd2 0-0 10. Qc1 f5 11. e5 dxe5 12. dxe5 Be7 13. h4 Nd7 14. Bxf4 Nxf4 15. Qxf4 Nc5 16. Nd4 Ne4 17. Rd1 g5 18. hxg5 Bxg5 19. Qh2 Qe7 20. Nf3 h6 21. Nxg5 Qxg5 22. Qxh6 Qxh6 23. Rxh6 Kg7 24. Rh3 Be6 25. Ke1 Rh8 26. Nxe4 Rxh3 27. gxh3 fxe4 28. Bg4 Kf7 29. Rd6 Bxc4 30. b3 Bd5 31. Rd7+ Kg6 32. Rxb7 Re8 33. Ke2 Rxe5 34. Ke3 a5 35. Ra7 Bg8 36. Ra6 Rc5 37. Kxe4 Kg5 38. Kd4 Rb5 39. Kc3 Bd5 40. Kb2 Be4 41. Ka3 Rc5 42. Ka4 Bb1 43. a3 Bc2 44. Be6 Kf6 45. Bd5 Ke7 46. Rxc6 Bxb3+ 47. Kxb3 Rxd5 48. Rh6 Rd4 49. h4 Rg4 50. h5 a4+ 51. Kc3 Rh4 52. Rh8 Kf7 53. h6 Kg6 54. Ra8 Kh7 55. Ra6 Rg4 56. Rc6 Rh4 57. Rc4 Rxh6 58. Rxa4 Kg7 59. Rd4 Kf7 60. Kb4 Ke7 61. Kb5 Rh8 62. a4 Rd8 63. Rc4 Kd7 64. Kb6 Rb8+ 65. Ka7 Rb3 66. a5 Rb2 67. a6 Rb3 68. Rh4 Kc8 69. Rh8+ Kc7 70. Rh7+ Kc8 71. Rb7 Ra3 72. Rb4 Ra2 73. Rc4+ Kd7 74. Kb7 Rb2+ 75. Ka8 Rb5 76. a7 Rb3 77. Rg4 Kc7 78. Rg7+ Kc8 79. Rg8+ Kc7 80. Rb8 Rh3 81. Rb7+ Kc8 82. Rb4 Rc3 83. Rb8+ Kc7 84. Rh8 Rb3 85. Rh1 Rc3 86. Rb1 Kc8 87. Rb5 Rc4 88. Rb8+ Kc7 89. Rf8 Rb4 90. Rf7+ Kc8 91. Rf3 Rc4 92. Rd3 Rc2 93. Rd4 Rc3 94. Rg4 Kc7 95. Rg8 Rf3 96. Re8 Rb3 97. Re7+ Kc8 98. Rc7+ Kxc7 1/2-1/2

[Event "Ricany op-A"]
[Site "Ricany"]
[Date "2017.08.27"]
[Round "3"]
[White "Laurincova, Kristyna"]
[Black "Blumel, Otto"]
[Result "1-0"]
[WhiteElo "1854"]
[BlackElo "2002"]
[PlyCount "93"]
[EventDate "2017.08.26"]
[EventType "swiss"]
[EventRounds "9"]
[EventCountry "CZE"]
[SourceTitle "CBM 180 Extra"]
[Source "ChessBase"]
[SourceDate "2017.10.06"]
[SourceVersion "1"]
[SourceVersionDate "2017.10.06"]
[SourceQuality "1"]

1. e4 c5 2. Nf3 Nf6 3. Nc3 Nc6 4. Bb5 d5 5. exd5 Nxd5 6. Bxc6+ bxc6 7. 0-0 Bg4 8. Re1 e6 9. h3 Bh5 10. Ne4 Be7 11. Ng3 Bg6 12. Ne5 Qc7 13. d3 Bd6 14. Nxg6 hxg6 15. Ne4 Rb8 16. Qf3 Rh5 17. g4 Bh2+ 18. Kh1 Rh8 19. Nxc5 Qa5 20. Be3 Bd6 21. Ne4 Be5 22. d4 Bf6 23. c4 Nxe3 24. Nxf6+ gxf6 25. Qxc6+ Kf8 26. Rxe3 Rxb2 27. Kg2 Qd2 28. Qf3 Qxd4 29. Rd1 Rd2 30. Rxd2 Qxd2 31. Rd3 Qb2 32. Rd8+ Kg7 33. Rxh8 Kxh8 34. Qa8+ Kg7 35. Qxa7 Qe2 36. Qa4 e5 37. c5 e4 38. Qb3 f5 39. gxf5 gxf5 40. Qg3+ Kf6 41. Qh4+ Ke6 42. Qf4 Kf6 43. Qh6+ Ke7 44. Qd6+ Ke8 45. Qe5+ Kd7 46. Qxf5+ Kc6 47. a4 1-0

[Event "Stare Mesto op"]
[Site "Stare Mesto"]
[Date "2015.08.21"]
[Round "9"]
[White "Blumel, Otto"]
[Black "Kanakova, Natalie"]
[Result "0-1"]
[WhiteElo "2073"]
[BlackElo "2014"]
[PlyCount "74"]
[EventDate "2015.08.14"]
[EventType "swiss"]
[EventRounds "10"]
[EventCountry "CZE"]
[SourceTitle "EXT 2016"]
[Source "ChessBase"]
[SourceDate "2015.10.08"]
[SourceVersion "1"]
[SourceVersionDate "2015.10.08"]
[SourceQuality "1"]

1. e4 c5 2. Nf3 Nc6 3. Nc3 g6 4. d4 cxd4 5. Nxd4 Bg7 6. Nde2 Nf6 7. g3 0-0 8. Bg2 d6 9. h3 Rb8 10. a4 a6 11. Nd5 b5 12. axb5 axb5 13. 0-0 Nd7 14. Kh2 e6 15. Ndf4 Nc5 16. Nd3 Qb6 17. Be3 b4 18. c4 Rd8 19. f4 Qc7 20. Rb1 b3 21. Nf2 Ba6 22. f5 Bxc4 23. Ng4 exf5 24. exf5 Re8 25. fxg6 hxg6 26. Rc1 Ne5 27. Nxe5 Rxe5 28. Rxc4 Rxe3 29. Bd5 Rf8 30. Nf4 Qd8 31. Rxc5 dxc5 32. Bxf7+ Kxf7 33. Ng2+ Kg8 34. Rxf8+ Qxf8 35. Nxe3 Qf2+ 36. Ng2 Qxb2 37. h4 Qc2 0-1

[Event "Stare Mesto op"]
[Site "Stare Mesto"]
[Date "2015.08.18"]
[Round "6"]
[White "Kubos, Rostislav"]
[Black "Blumel, Otto"]
[Result "1-0"]
[WhiteElo "2172"]
[BlackElo "2073"]
[PlyCount "41"]
[EventDate "2015.08.14"]
[EventType "swiss"]
[EventRounds "10"]
[EventCountry "CZE"]
[SourceTitle "EXT 2016"]
[Source "ChessBase"]
[SourceDate "2015.10.08"]
[SourceVersion "1"]
[SourceVersionDate "2015.10.08"]
[SourceQuality "1"]

1. c4 e5 2. Nc3 Nf6 3. Nf3 Nc6 4. g3 d5 5. cxd5 Nxd5 6. Bg2 Nde7 7. h4 a5 8. d3 h6 9. Bd2 g6 10. Rc1 Bg7 11. 0-0 Nd4 12. Nxd4 exd4 13. Ne4 Ra7 14. Qa4+ Bd7 15. Qc4 b6 16. Bf4 Be6 17. Bxc7 Bxc4 18. Bxd8 Kxd8 19. Rxc4 Kd7 20. Rfc1 Rc8 21. Nf6+ 1-0

[Event "Stare Mesto op"]
[Site "Stare Mesto"]
[Date "2015.08.17"]
[Round "5"]
[White "Blumel, Otto"]
[Black "Filip, Tomas"]
[Result "1-0"]
[WhiteElo "2073"]
[BlackElo "1843"]
[PlyCount "71"]
[EventDate "2015.08.14"]
[EventType "swiss"]
[EventRounds "10"]
[EventCountry "CZE"]
[SourceTitle "EXT 2016"]
[Source "ChessBase"]
[SourceDate "2015.10.08"]
[SourceVersion "1"]
[SourceVersionDate "2015.10.08"]
[SourceQuality "1"]

1. d4 d5 2. e4 e6 3. e5 c5 4. Nc3 Qb6 5. Nf3 Nc6 6. Bd3 cxd4 7. Nb5 Bd7 8. c3 dxc3 9. bxc3 a6 10. Nbd4 Qc7 11. 0-0 Nxe5 12. Nxe5 Qxe5 13. Re1 Qc7 14. Qf3 Be7 15. Bf4 Qd8 16. Qg3 g6 17. c4 Bf6 18. Bc7 Qc8 19. Be5 dxc4 20. Rac1 Qc5 21. Rxc4 Bxe5 22. Rxe5 Qa3 23. Nxe6 Bxe6 24. Rxe6+ Kf8 25. Re3 Qb2 26. Rc7 Kg7 27. h4 Nf6 28. Ree7 Rhf8 29. Bc4 Qc1+ 30. Kh2 Nh5 31. Qe5+ Kh6 32. g3 Qd2 33. Rxf7 Rxf7 34. Rxf7 Rd8 35. Be2 Rd7 36. g4 1-0

[Event "Stare Mesto op"]
[Site "Stare Mesto"]
[Date "2015.08.16"]
[Round "4"]
[White "Skalsky, Alexandr"]
[Black "Blumel, Otto"]
[Result "1/2-1/2"]
[WhiteElo "1840"]
[BlackElo "2073"]
[PlyCount "56"]
[EventDate "2015.08.14"]
[EventType "swiss"]
[EventRounds "10"]
[EventCountry "CZE"]
[SourceTitle "EXT 2016"]
[Source "ChessBase"]
[SourceDate "2015.10.08"]
[SourceVersion "1"]
[SourceVersionDate "2015.10.08"]
[SourceQuality "1"]

1. e4 c5 2. Nf3 Nf6 3. Nc3 Nc6 4. d4 d5 5. exd5 Nxd5 6. Nxd5 Qxd5 7. c4 Qe4+ 8. Be3 cxd4 9. Nxd4 e5 10. Nxc6 bxc6 11. Be2 Bb4+ 12. Kf1 0-0 13. Qa4 Bh3 14. Rg1 f5 15. Qxb4 f4 16. Bc5 f3 17. Bxf3 Qxf3 18. gxh3 Qd3+ 19. Ke1 Qe4+ 20. Be3 Rf3 21. Qd2 Raf8 22. Qe2 Qh4 23. Rg3 R3f7 24. Rd1 Qe4 25. Qg4 Qc2 26. Rd2 Qb1+ 27. Ke2 Qc1 28. Bxa7 Rxa7 1/2-1/2

[Event "CZE-chT2C 0910"]
[Site "Czech Republic"]
[Date "2010.03.28"]
[Round "10.5"]
[White "Blumel, Otto"]
[Black "Moravec, Vit"]
[Result "1/2-1/2"]
[WhiteElo "2142"]
[BlackElo "2053"]
[PlyCount "108"]
[EventDate "2009.10.18"]
[EventType "team-tourn"]
[EventRounds "11"]
[EventCountry "CZE"]
[SourceTitle "EXT 2011"]
[Source "ChessBase"]
[SourceDate "2010.11.26"]
[SourceVersion "1"]
[SourceVersionDate "2010.11.26"]
[SourceQuality "1"]
[WhiteTeam "Ricany"]
[BlackTeam "Kutna Hora"]
[WhiteTeamCountry "CZE"]
[BlackTeamCountry "CZE"]

1. e4 c5 2. Nf3 e6 3. d3 Nc6 4. g3 d6 5. Bg2 Nf6 6. 0-0 Be7 7. Re1 0-0 8. e5 dxe5 9. Nxe5 Nxe5 10. Rxe5 Bd6 11. Re1 Rb8 12. Nc3 b5 13. Bg5 Be7 14. Re5 Nd7 15. Bxe7 Qxe7 16. Rh5 Nf6 17. Rh4 Bb7 18. Qf1 Bd5 19. Nxd5 Nxd5 20. Be4 f5 21. Bxd5 exd5 22. Re1 Qd7 23. d4 Rbc8 24. dxc5 Rxc5 25. Qd3 Qc6 26. c3 g6 27. Re7 h5 28. Qe3 Rf6 29. Re8+ Kg7 30. Qe7+ Rf7 31. Qd8 Qc7 32. Qg5 Qd7 33. Qe3 Rc6 34. Qe5+ Rcf6 35. Rd4 Qd6 36. Qe2 f4 37. g4 hxg4 38. Qxg4 Qd7 39. Qxd7 Rxd7 40. Re5 f3 41. Rexd5 Rxd5 42. Rxd5 Re6 43. Kf1 a6 44. Rd3 Re2 45. b4 Rxa2 46. Rxf3 a5 47. bxa5 Rxa5 48. Ke2 Ra4 49. Rd3 b4 50. cxb4 Rxb4 51. Kf3 Kf6 52. Kg3 g5 53. f3 Kf5 54. Rd8 Ra4 1/2-1/2

[Event "Ricany op"]
[Site "Ricany"]
[Date "2009.08.29"]
[Round "9"]
[White "Blumel, Otto"]
[Black "Skala, Jaromir"]
[Result "1/2-1/2"]
[WhiteElo "2142"]
[BlackElo "2065"]
[PlyCount "40"]
[EventDate "2009.08.22"]
[EventType "swiss"]
[EventRounds "9"]
[EventCountry "CZE"]
[SourceTitle "CBM 131 Extra"]
[Source "ChessBase"]
[SourceDate "2009.09.03"]
[SourceVersion "2"]
[SourceVersionDate "2009.09.16"]
[SourceQuality "1"]

1. d4 Nf6 2. Nc3 d5 3. Bg5 Bf5 4. f3 h6 5. Bh4 g5 6. Bg3 Bg7 7. Qd2 Nc6 8. h4 g4 9. Nb5 Rc8 10. c3 a6 11. Nxc7+ Rxc7 12. Qf4 Rc8 13. Qxf5 e6 14. Qd3 b5 15. a3 Na5 16. e4 gxf3 17. gxf3 Nh5 18. Ne2 Nxg3 19. Nxg3 Bf6 20. 0-0-0 Bxh4 1/2-1/2

[Event "Ricany op"]
[Site "Ricany"]
[Date "2009.08.27"]
[Round "7"]
[White "Blumel, Otto"]
[Black "Postupa, Martin"]
[Result "0-1"]
[WhiteElo "2142"]
[BlackElo "1986"]
[PlyCount "74"]
[EventDate "2009.08.22"]
[EventType "swiss"]
[EventRounds "9"]
[EventCountry "CZE"]
[SourceTitle "CBM 131 Extra"]
[Source "ChessBase"]
[SourceDate "2009.09.03"]
[SourceVersion "2"]
[SourceVersionDate "2009.09.16"]
[SourceQuality "1"]

1. e4 e5 2. Nf3 Nc6 3. Bc4 Be7 4. d4 d6 5. dxe5 dxe5 6. Qe2 Nf6 7. h3 0-0 8. Nc3 Nd4 9. Nxd4 exd4 10. Nd5 Nxd5 11. Bxd5 c6 12. Bb3 Bb4+ 13. c3 dxc3 14. 0-0 Qf6 15. e5 Qg6 16. Kh2 Bf5 17. Qe3 Rfd8 18. g4 Bd3 19. Rg1 Qe4 20. Qg5 Qe2 21. bxc3 Bxc3 22. Be3 Bxa1 23. Rxa1 Bc4 24. Qe7 b5 25. e6 fxe6 26. Rc1 Rf8 27. Rc2 Qd3 28. Rd2 Qg6 29. Bc2 Qf7 30. Qh4 g6 31. Qg5 Bd5 32. f4 Qf6 33. Qh6 e5 34. Rf2 exf4 35. Bxf4 Qg7 36. Qg5 Rxf4 37. Rxf4 Rf8 0-1

[Event "Ricany op"]
[Site "Ricany"]
[Date "2009.08.26"]
[Round "6"]
[White "Haman, Jakub"]
[Black "Blumel, Otto"]
[Result "0-1"]
[WhiteElo "1926"]
[BlackElo "2142"]
[PlyCount "44"]
[EventDate "2009.08.22"]
[EventType "swiss"]
[EventRounds "9"]
[EventCountry "CZE"]
[SourceTitle "CBM 131 Extra"]
[Source "ChessBase"]
[SourceDate "2009.09.03"]
[SourceVersion "2"]
[SourceVersionDate "2009.09.16"]
[SourceQuality "1"]

1. e4 e5 2. Nf3 Nc6 3. Bb5 a6 4. Ba4 Nf6 5. Qe2 Be7 6. 0-0 b5 7. Bb3 0-0 8. Rd1 d5 9. exd5 Nxd5 10. d4 exd4 11. Nxd4 Nxd4 12. Rxd4 c6 13. Bxd5 cxd5 14. Nc3 Be6 15. Bf4 b4 16. Nxd5 Bc5 17. Rd2 Bxd5 18. Rad1 Re8 19. Qh5 Qe7 20. h3 Bc6 21. Rd3 Qe4 22. Rf3 Qe2 0-1

[Event "CZE-chT2C 0809"]
[Site "Czech Republic"]
[Date "2009.04.05"]
[Round "11.6"]
[White "Blumel, Otto"]
[Black "Jiruse, Josef"]
[Result "1-0"]
[WhiteElo "2146"]
[BlackElo "2107"]
[PlyCount "79"]
[EventDate "2008.10.12"]
[EventType "team-tourn"]
[EventRounds "11"]
[EventCountry "CZE"]
[SourceTitle "EXT 2010"]
[Source "ChessBase"]
[SourceDate "2010.11.25"]
[SourceVersion "1"]
[SourceVersionDate "2010.11.25"]
[SourceQuality "1"]
[WhiteTeam "Ricany"]
[BlackTeam "Hradec Kralove II"]
[WhiteTeamCountry "CZE"]
[BlackTeamCountry "CZE"]

1. e4 c6 2. d4 g6 3. c3 d5 4. exd5 cxd5 5. Nf3 Bg7 6. Bf4 Nc6 7. Bd3 Bf5 8. Bxf5 gxf5 9. Na3 a6 10. Qe2 b5 11. Nc2 e6 12. Ne3 Nge7 13. h3 h5 14. 0-0-0 Qb6 15. Kb1 0-0-0 16. Ng5 Ng6 17. Bh2 Rd7 18. Nc2 Nd8 19. Nb4 Bh6 20. Nf3 Nf4 21. Qe5 Ng6 22. Qe1 f6 23. Nd3 Nb7 24. Qe2 Re7 25. Bg3 Nd6 26. Nh4 Nxh4 27. Bxh4 Bg5 28. Bxg5 fxg5 29. h4 g4 30. Nf4 Rhe8 31. Nxh5 Qc7 32. f3 Rh8 33. Nf4 gxf3 34. gxf3 Rh6 35. Rde1 Ne4 36. fxe4 Qxf4 37. exd5 Rxh4 38. Rxh4 Qxh4 39. dxe6 f4 40. Qe4 1-0

[Event "CZE-chT2C 0809"]
[Site "Czech Republic"]
[Date "2009.02.08"]
[Round "8.7"]
[White "Blumel, Otto"]
[Black "Vrkota, Milos"]
[Result "1/2-1/2"]
[WhiteElo "2146"]
[BlackElo "2069"]
[PlyCount "72"]
[EventDate "2008.10.12"]
[EventType "team-tourn"]
[EventRounds "11"]
[EventCountry "CZE"]
[SourceTitle "EXT 2010"]
[Source "ChessBase"]
[SourceDate "2010.11.25"]
[SourceVersion "1"]
[SourceVersionDate "2010.11.25"]
[SourceQuality "1"]
[WhiteTeam "Ricany"]
[BlackTeam "Kolin"]
[WhiteTeamCountry "CZE"]
[BlackTeamCountry "CZE"]

1. e4 c6 2. d4 d5 3. exd5 cxd5 4. c3 Nc6 5. Nf3 Nf6 6. Bf4 g6 7. Bd3 Bg7 8. h3 0-0 9. Na3 Nd7 10. 0-0 e5 11. dxe5 Ndxe5 12. Be2 Be6 13. Nb5 a6 14. Nbd4 Nxf3+ 15. Nxf3 d4 16. cxd4 Nxd4 17. Nxd4 Bxd4 18. Qd2 Qb6 19. Bf3 Rfd8 20. Bg5 Rd7 21. Be3 Rad8 22. Bxd4 Rxd4 23. Qe3 Qxb2 24. Rfb1 Qd2 25. Bxb7 Bxa2 26. Re1 Qxe3 27. fxe3 Rd2 28. Bxa6 Bb3 29. Rab1 Rd1 30. Rbxd1 Rxd1 31. Rxd1 Bxd1 32. Kf2 Kg7 33. Bb5 Kf6 34. Bc4 Bc2 35. Bd5 Bf5 36. Bc4 Be4 1/2-1/2

[Event "CZE-chT2C 0809"]
[Site "Czech Republic"]
[Date "2009.01.25"]
[Round "7.6"]
[White "Korol, Jiri"]
[Black "Blumel, Otto"]
[Result "0-1"]
[WhiteElo "2123"]
[BlackElo "2146"]
[PlyCount "84"]
[EventDate "2008.10.12"]
[EventType "team-tourn"]
[EventRounds "11"]
[EventCountry "CZE"]
[SourceTitle "EXT 2010"]
[Source "ChessBase"]
[SourceDate "2010.11.25"]
[SourceVersion "1"]
[SourceVersionDate "2010.11.25"]
[SourceQuality "1"]
[WhiteTeam "Polabiny III"]
[BlackTeam "Ricany"]
[WhiteTeamCountry "CZE"]
[BlackTeamCountry "CZE"]

1. e4 c5 2. f4 e6 3. Nf3 d5 4. Nc3 Nf6 5. Bb5+ Nc6 6. e5 Nd7 7. Bxc6 bxc6 8. d3 Ba6 9. 0-0 c4 10. Kh1 cxd3 11. cxd3 Be7 12. Nd4 Qb6 13. Be3 c5 14. Na4 Qb7 15. Ne2 d4 16. Bg1 Bb5 17. b3 Bc6 18. Rf2 Bh4 19. Ng3 h5 20. Rc1 Bxg3 21. hxg3 h4 22. Kh2 hxg3+ 23. Kxg3 Rh6 24. Rfc2 Rg6+ 25. Kf2 Bxa4 26. g4 Bb5 27. Bh2 Rh6 28. Bg3 Qa6 29. Rd2 Bc6 30. b4 Rh1 31. Qc2 Rxc1 32. Qxc1 cxb4 33. f5 Qb5 34. Rc2 Bb7 35. fxe6 Nxe5 36. exf7+ Kf8 37. Kg1 Qd5 38. Bxe5 Qxe5 39. Rf2 Qg3+ 40. Kf1 Qxd3+ 41. Ke1 Qc3+ 42. Qd2 Bd5 0-1